Logistyka w malych firmach.

Vysvetlenie pojmu logistika. Tri oblasti logistiky. Logistický systém. Špecifiká logistiky v malých firmách. Problémy zásobovania malých firiem. Hranice medzi materiálovým hospodárstvom, zásobovaním a logistikou. Problémy pri zásobovaní malých a stredných firiem na nemeckom trhu.

Gespeichert in:
Bibliographische Detailangaben
1. Verfasser: Hejduk, I.
Format: Buchkapitel
Sprache:Polnisch
Schlagworte:
Tags: Tag hinzufügen
Keine Tags, Fügen Sie das erste Tag hinzu!

MARC

LEADER 00000naa a2200000 4500
001 r008769
005 20221125122507.8
041 0 |a pol 
044 |a PL 
245 1 0 |a Logistyka w malych firmach.  |c I. Hejduk 
520 |a Vysvetlenie pojmu logistika. Tri oblasti logistiky. Logistický systém. Špecifiká logistiky v malých firmách. Problémy zásobovania malých firiem. Hranice medzi materiálovým hospodárstvom, zásobovaním a logistikou. Problémy pri zásobovaní malých a stredných firiem na nemeckom trhu. 
610 2 0 |a logistika 
610 2 0 |a podnik malý 
610 2 0 |a zásobovanie materiálno-technické 
610 2 0 |a Nemecko 
610 2 0 |a podnik stredný 
100 1 |a Hejduk, I.